[Event "Titled Tuesday intern op 5th May"]
[Site "Chess.com INT"]
[Date "2020.05.05"]
[Round "1"]
[White "Maksutov, Sergey"]
[Black "Musovic, Armin"]
[Result "0-1"]
[WhiteElo "2134"]
[BlackElo "2219"]
[PlyCount "66"]
[EventDate "2020.05.05"]
[EventType "swiss (blitz)"]
[EventRounds "10"]
[EventCountry "USA"]
[SourceTitle "EXT 2021"]
[Source "ChessBase"]
[SourceDate "2020.10.23"]
[SourceVersion "1"]
[SourceVersionDate "2020.10.23"]
[SourceQuality "1"]

1. e4 c6 2. d4 d5 3. exd5 cxd5 4. c4 Nc6 5. Nf3 Nf6 6. Nc3 Bg4 7. cxd5 Nxd5 8. Qb3 Bxf3 9. gxf3 Nb6 10. Be3 e6 11. Rd1 Bd6 12. d5 exd5 13. Nxd5 0-0 14. Nxb6 axb6 15. a3 Re8 16. Be2 Qe7 17. Qxb6 Be5 18. Rg1 Bxh2 19. Rg4 Ne5 20. Rg2 Bf4 21. Qd4 Ng6 22. Kf1 Rad8 23. Qe4 Qh4 24. Rxd8 Rxd8 25. Qb4 Qh1+ 26. Rg1 Qh3+ 27. Rg2 Bxe3 28. fxe3 Nh4 29. Qg4 Qxg2+ 30. Qxg2 Nxg2 31. Kxg2 Rd2 32. Kf2 Rxb2 33. e4 Ra2 0-1

[Event "Titled Tuesday intern op 28th Apr"]
[Site "Chess.com INT"]
[Date "2020.04.28"]
[Round "2"]
[White "Kanyamarala, Tarun"]
[Black "Maksutov, Sergey"]
[Result "1-0"]
[WhiteElo "2384"]
[BlackElo "2123"]
[PlyCount "123"]
[EventDate "2020.04.28"]
[EventType "swiss (blitz)"]
[EventRounds "10"]
[EventCountry "USA"]
[SourceTitle "EXT 2021"]
[Source "ChessBase"]
[SourceDate "2020.10.23"]
[SourceVersion "1"]
[SourceVersionDate "2020.10.23"]
[SourceQuality "1"]

1. e4 c5 2. Nf3 Nc6 3. Bb5 g6 4. Bxc6 bxc6 5. 0-0 Bg7 6. d3 Nf6 7. Nfd2 0-0 8. f4 d6 9. Nc3 Rb8 10. Nc4 Be6 11. Ne3 Qc8 12. f5 Bd7 13. g4 Ne8 14. g5 f6 15. fxg6 hxg6 16. h4 fxg5 17. hxg5 Rxf1+ 18. Qxf1 Bd4 19. Kh2 Ng7 20. Ne2 Be5+ 21. Kg1 Qf8 22. Qxf8+ Rxf8 23. Nc4 Bd4+ 24. Nxd4 cxd4 25. Bd2 Ne6 26. Rf1 Rxf1+ 27. Kxf1 Kf7 28. Kf2 c5 29. Kg3 Ng7 30. e5 Nh5+ 31. Kh4 Ke6 32. exd6 exd6 33. b4 d5 34. Na5 cxb4 35. Nb7 Ke5 36. Nc5 Bc8 37. Bxb4 Ng7 38. Kg3 Nf5+ 39. Kf2 Ne3 40. c3 Nd1+ 41. Ke1 Nxc3 42. a3 Nb5 43. Nb3 Nc7 44. Bc5 a6 45. Bxd4+ Kf5 46. Bb6 Ne6 47. Be3 Nxg5 48. Nd4+ Kg4 49. Nc6 Nf3+ 50. Kf2 g5 51. Ne7 Be6 52. Ng6 Nh4 53. Ne5+ Kf5 54. Nc6 g4 55. Nd4+ Ke5 56. Nc6+ Kd6 57. Nb4 a5 58. Nc2 Bf5 59. Ne1 Ng6 60. a4 Ne5 61. Bf4 Ke6 62. Ke3 1-0

[Event "Titled Tuesday intern op 28th Apr"]
[Site "Chess.com INT"]
[Date "2020.04.28"]
[Round "5"]
[White "Maksutov, Sergey"]
[Black "Megalios, Konstantinos"]
[Result "0-1"]
[WhiteElo "2136"]
[BlackElo "2401"]
[PlyCount "64"]
[EventDate "2020.04.28"]
[EventType "swiss (blitz)"]
[EventRounds "10"]
[EventCountry "USA"]
[SourceTitle "EXT 2021"]
[Source "ChessBase"]
[SourceDate "2020.10.23"]
[SourceVersion "1"]
[SourceVersionDate "2020.10.23"]
[SourceQuality "1"]

1. e4 e5 2. Nf3 Nc6 3. Bb5 g6 4. 0-0 Bg7 5. c3 a6 6. Ba4 Nge7 7. d4 exd4 8. cxd4 0-0 9. Nc3 b5 10. Bc2 d6 11. h3 Na5 12. a4 b4 13. Ne2 c5 14. Bg5 h6 15. Be3 Nc4 16. Bc1 Bb7 17. b3 Nb6 18. Nd2 cxd4 19. Bd3 Nc6 20. Bb2 Ne5 21. Nc4 Nbxc4 22. Bxc4 Nxc4 23. bxc4 d3 24. Nd4 Bxe4 25. Re1 Re8 26. Qd2 Qg5 27. Qxg5 hxg5 28. Ra2 Rac8 29. f3 Bf5 30. Rxe8+ Rxe8 31. Nxf5 d2 32. Ra1 Re1+ 0-1

[Event "Titled Tuesday intern op 14th April"]
[Site "Chess.com INT"]
[Date "2020.04.14"]
[Round "5"]
[White "Khomeriki, Nino"]
[Black "Maksutov, Sergey"]
[Result "1-0"]
[WhiteElo "2319"]
[BlackElo "2235"]
[PlyCount "71"]
[EventDate "2020.04.14"]
[EventType "swiss (blitz)"]
[EventRounds "10"]
[EventCountry "USA"]
[SourceTitle "EXT 2021"]
[Source "ChessBase"]
[SourceDate "2020.10.23"]
[SourceVersion "1"]
[SourceVersionDate "2020.10.23"]
[SourceQuality "1"]

1. d4 Nf6 2. c4 g6 3. Nf3 d5 4. cxd5 Nxd5 5. g3 Bg7 6. Bg2 0-0 7. 0-0 c6 8. e4 Nb6 9. Nc3 Na6 10. Qe2 Bg4 11. Be3 Rc8 12. Rad1 Qe8 13. h3 Be6 14. b3 f6 15. Nh4 c5 16. d5 Bf7 17. f4 c4 18. Bd4 cxb3 19. axb3 Nc5 20. Rb1 e6 21. Qf2 Nd3 22. Qe3 Nb4 23. Rfc1 exd5 24. Bc5 d4 25. Qxd4 Nc6 26. Qf2 Qe6 27. f5 Qe5 28. Nf3 Qc7 29. Bxf8 Bxf8 30. Nd5 Qd8 31. Nxb6 axb6 32. Kh2 Bc5 33. Qe2 Nd4 34. Nxd4 Qxd4 35. b4 Bd6 36. Rxc8+ 1-0

[Event "Titled Tuesday intern op 14th April"]
[Site "Chess.com INT"]
[Date "2020.04.14"]
[Round "6"]
[White "Maksutov, Sergey"]
[Black "Khalid, El Amin"]
[Result "1-0"]
[WhiteElo "2237"]
[BlackElo "2008"]
[PlyCount "41"]
[EventDate "2020.04.14"]
[EventType "swiss (blitz)"]
[EventRounds "10"]
[EventCountry "USA"]
[SourceTitle "EXT 2021"]
[Source "ChessBase"]
[SourceDate "2020.10.23"]
[SourceVersion "1"]
[SourceVersionDate "2020.10.23"]
[SourceQuality "1"]

1. e4 c6 2. d4 d5 3. exd5 cxd5 4. c4 Nf6 5. Nc3 Nc6 6. Nf3 Bg4 7. c5 Bxf3 8. gxf3 e6 9. Bb5 Be7 10. Bf4 0-0 11. Qd2 Nh5 12. Be3 Rc8 13. Rg1 Bf6 14. Rd1 g6 15. f4 Ng7 16. Bd3 Nxd4 17. Bxd4 Bxd4 18. Bxg6 Bxc3 19. Bxh7+ Kxh7 20. Qxc3 Qh4 21. Qxg7# 1-0